Datum a čas kvízu
29
Celkem bodů
Celkový počet nahraných bodů na tomto kvízu bez doplňovacích otázek.
6.
Pořadí na kvízu
Konečné umístění týmu na tomto kvízu.
Zaznamenané odpovědi
| # | Otázka | Odpověď | Body | Výsledky |
|---|---|---|---|---|
| 1. | V Praze byl minulý týden na ve... | z paluby Titaniku | 0 | |
| 2. | Naštěstí jen nepatrné škody na... | chtěla flirtovat s hasiči / líbí se jí muži v uniformách | 1 | |
| 3. | Která 45letá česká herečka se... | Anna Polívková | 1 | |
| 4. | Minulý týden byla ve Veverskýc... | pomocí SMS | 0 | |
| 5. | Uveďte jména vítězů mužské a ž... | Jannik Sinner, Aryna Sabalenka | 1 | |
| 6. | Ruské město Nižnij Novgorod ne... | Gorkij | 0 | |
| 7. | Pod kterým, dnes už spíše zast... | Habeš | 0 | |
| 8. | Napište bývalý název Bratislav... | Prešpurk/Prešporok/Prešporek; 1919 (1914–1924) | 0.5 | |
| 9. | Roku 1868 se město Edo přejmen... | Tokio | 1 | |
| 10. | Zhruba rok po vyhlazení českýc... | o Panamu | 0 |